=LDR 00000nam 2200000 4500 =001 INLIS000000000047702 =005 20160212095534.0 =006 =007 =008 =035 ##$$0010-021600000000090 =040 ##$$a NPBDMAT =082 ##$$a R.351.72 =090 ##$$a R.351.72 $b Ket k =245 ##$$a Keterangan Pemerintah Mengenai Rancangan Undang-Undang Tentang Pertanggung Jawaban Atas Pelakasanaan Anggaran Pendapatan dan Belanja Negara Tahun Anggaran 2007 =260 ##$$a Jakarta : $b Departemen Keuangan Republik Indonesia, $c 2008 =300 ##$$a 2 hlm $c 30 cm =650 ##$$a Anggaran Pendapatan dan Belanja Negara